Understanding and changing your management style / (Record no. 92926)
[ view plain ]
| 000 -LEADER | |
|---|---|
| fixed length control field | 00567cam a2200205 i 4500 |
| 001 - CONTROL NUMBER | |
| control field | 17661041 |
| 005 - DATE AND TIME OF LATEST TRANSACTION | |
| control field | 20170427095306.0 |
| 008 - FIXED-LENGTH DATA ELEMENTS--GENERAL INFORMATION | |
| fixed length control field | 130315s2013 cau b 001 0 eng |
| 020 ## - INTERNATIONAL STANDARD BOOK NUMBER | |
| International Standard Book Number | 9781118399460 (pbk.) |
| 040 ## - CATALOGING SOURCE | |
| Transcribing agency | PK-LaUMT |
| 082 00 - DEWEY DECIMAL CLASSIFICATION NUMBER | |
| Classification number | 658.409 |
| Edition number | 23 |
| Item number | BEN-U |
| 100 1# - MAIN ENTRY--PERSONAL NAME | |
| Personal name | Benfari, Robert |
| 245 10 - TITLE STATEMENT | |
| Title | Understanding and changing your management style / |
| Statement of responsibility, etc | Robert C. Benfari |
| 250 ## - EDITION STATEMENT | |
| Edition statement | 2nd ed. |
| 260 ## - PUBLICATION, DISTRIBUTION, ETC. (IMPRINT) | |
| Place of publication, distribution, etc | San Francisco : |
| Name of publisher, distributor, etc | John Wiley, |
| Date of publication, distribution, etc | 2013 |
| 300 ## - PHYSICAL DESCRIPTION | |
| Extent | vii, 344 p. ; |
| Dimensions | 24 cm |
| 650 #0 - SUBJECT ADDED ENTRY--TOPICAL TERM | |
| Topical term or geographic name as entry element | Executive ability. |
| 650 #0 - SUBJECT ADDED ENTRY--TOPICAL TERM | |
| Topical term or geographic name as entry element | Management. |
| 942 ## - ADDED ENTRY ELEMENTS (KOHA) | |
| Koha item type | Books |
| Withdrawn status | Lost status | Damaged status | Home library | Current library | Date acquired | Full call number | Barcode | Date last seen | Price effective from | Koha item type |
|---|---|---|---|---|---|---|---|---|---|---|
| UMT Main Campus | UMT Main Campus | 2017-04-27 | 658.409 BEN-U | 108026 | 2017-04-27 | 2017-04-27 | Books |
